000 00664nam a2200193 i 4500
001 83211
003 ES-MaACL
005 20230906174807.0
007 t|
008 041116s1977 sp ||||1| lat d
245 0 0 _aIndex seminun quae Hortus Acclimatationis Plantarum Arautapae pro mutua commutatione offert /
_cAgrariarum Investigationum Nationale Hispanicum Institutum.
260 _a[Madrid :
_bI.N.I.A.],
_c1977.
300 _a100 p. ;
_c21 cm.
490 1 _aCatálogos INIA
710 2 _aInstituto Nacional de Investigaciones Agrarias (España)
_95168
830 0 _aCatálogos INIA
_9183769
852 _aES-MaACL
_jA-9527
_bR.98853
999 _c83211
_d83211